000 00641nam a2200217Ia 4500
005 20250923145604.0
008 008 250917s9999 xx 000 0 eng d
037 _aTextual
040 _aDSWL
_beng
_cDSWL
041 _aeng
_2eng
084 _aY15-31.214, N82
_qDSWL
100 _aKhan, M.A.
_9836901
245 0 _aStatus of rural women in India: A study of Karnataka
_c by M.A. Khan
260 _aNew Delhi
_bDelhi Uppal Pub. House
_c1982
300 _axiv,224p.
365 _aINR
_b67.50
700 _a N. Ayesha
_9836902
925 _g67.50
942 _cTEXL
_hY15-31.214, N82
999 _c1453195
_d1453195